Memorables du 20e siecle / (رقم التسجيلة. 131941)

تفاصيل مارك
000 -LEADER
fixed length control field 00883nam a2200289 a 4500
008 - FIXED-LENGTH DATA ELEMENTS--GENERAL INFORMATION
fixed length control field 910503s1989 fr a 001 0 fre
010 ## - LIBRARY OF CONGRESS CONTROL NUMBER
LC control number 91149045
020 ## - INTERNATIONAL STANDARD BOOK NUMBER
International Standard Book Number 2863913255
040 ## - CATALOGING SOURCE
Original cataloging agency DLC
Transcribing agency DLC
050 00 - LIBRARY OF CONGRESS CALL NUMBER
Classification number D421
Item number .M38 1989
082 00 - DEWEY DECIMAL CLASSIFICATION NUMBER
Classification number 909.82
Edition number 20
092 04 - LOCALLY ASSIGNED DEWEY CALL NUMBER (OCLC)
Classification number 909.82
Item number M5334 1989
Edition number 21
099 ## - LOCAL FREE-TEXT CALL NUMBER (OCLC)
Classification number 04
-- 909.82 M5334 1989
245 00 - TITLE STATEMENT
Title Memorables du 20e siecle /
Statement of responsibility, etc. sous la direction d'Ali Kadjar, avec Jean-Franًcois Colosimo.
260 ## - PUBLICATION, DISTRIBUTION, ETC.
Place of publication, distribution, etc. Paris :
Name of publisher, distributor, etc. Editiono 1 :
-- Kian,
Date of publication, distribution, etc. c1989.
300 ## - PHYSICAL DESCRIPTION
Extent 479 p. :
Other physical details ill. ;
Dimensions 30 cm.
500 ## - GENERAL NOTE
General note Includes index.
650 #0 - SUBJECT ADDED ENTRY--TOPICAL TERM
Topical term or geographic name entry element History, Modern
Chronological subdivision 20th century.
700 1# - ADDED ENTRY--PERSONAL NAME
Personal name Colosimo, Jean-Franًcois.
700 1# - ADDED ENTRY--PERSONAL NAME
Personal name Kadjar, Ali.
740 0# - ADDED ENTRY--UNCONTROLLED RELATED/ANALYTICAL TITLE
Uncontrolled related/analytical title Memorables du vingtiلeme siecle.
902 ## - LOCAL DATA ELEMENT B, LDB (RLIN)
No. of Items 1
905 ## - LOCAL DATA ELEMENT E, LDE (RLIN)
Cataloger Jamal
Reviser Rev.
905 ## - LOCAL DATA ELEMENT E, LDE (RLIN)
Cataloger Jihan
Reviser Cat.
942 ## - ADDED ENTRY ELEMENTS (KOHA)
Source of classification or shelving scheme Dewey Decimal Classification
Koha item type Books
المقتنيات
Source of classification or shelving scheme Not for loan Home library Current library Date acquired Full call number Barcode Date last seen Copy number Koha item type
Dewey Decimal Classification   المكتبة المركزبة الجديدة - جامعة القاهرة قاعة الثقاقات الاجنبية - الدور الثالث 11.02.2024 909.82 M5334 1989 Ref. Fre. 01000110197548000 05.07.2024 C.1 Reference
Cairo University Libraries Portal Implemented & Customized by: Eng. M. Mohamady Contacts: new-lib@cl.cu.edu.eg | cnul@cl.cu.edu.eg
CUCL logo CNUL logo
© All rights reserved — Cairo University Libraries
CUCL logo
Implemented & Customized by: Eng. M. Mohamady Contact: new-lib@cl.cu.edu.eg © All rights reserved — New Central Library
CNUL logo
Implemented & Customized by: Eng. M. Mohamady Contact: cnul@cl.cu.edu.eg © All rights reserved — Cairo National University Library